[Event "SZCZYRK OPEN - TURNIEJ Z OKAZJI SWIETA NIEPODLEGLOSCI - BLITZ 3'+2'' "]
[Site "Szczyrk"]
[Date "2018-11-11"]
[Round "4.42"]
[White "Kubaszewski, Piotr "]
[Black "Wiszniewski, Tomasz"]
[Result "1-0"]
[WhiteTitle ""]
[BlackTitle ""]
[WhiteElo "1278"]
[BlackElo "1475"]

1. e4 c5 2. Nf3 d6 3. d4 cxd4 4. Nxd4 Nf6 5. Nc3 Nc6 6. Be3 e6 7. Qd2 Be7 8. O-O-O
O-O 9. Ndb5 d5 10. exd5 exd5 11. Nxd5 Nxd5 12. Qxd5 Be6 13. Qxd8 Raxd8 14. Be2
a6 15. Nc3 Bf6 16. Ne4 Be5 17. Nc5 Nd4 18. Bxd4 Bxd4 19. Nxe6 fxe6 20. f3 e5 21.
Bc4+ Kh8 22. Kb1 Rc8 23. Bb3 g6 24. c3 Bb6 25. Rd5 Bc7 26. Rhd1 Rcd8 27. Rxd8
Rxd8 28. Rxd8+ Bxd8 29. Kc2 Kg7 30. Kd3 Kf6 31. Ke4 Bb6 32. Bd5 Bg1 33. h3 Bh2
34. Bxb7 a5 35. c4 Bf4 36. c5 Bc1 37. b3 Ba3 38. c6 Bd6 39. g4 h5 40. Kd5 Bc7
41. a3 Kg5 42. b4 Kf4 43. bxa5 Bxa5 44. Kd6 Kxf3 45. c7+ e4 46. c8=Q e3 47. Qf8+
Ke2 48. Qf3+ Kd2 49. Ba6 Bb6 50. Qe2+ Kc3 51. Qd3+ Kb3 1-0

[Event "SZCZYRK OPEN - TURNIEJ Z OKAZJI SWIETA NIEPODLEGLOSCI - BLITZ 3'+2'' "]
[Site "Szczyrk"]
[Date "2018-11-11"]
[Round "4.43"]
[White "Sandomierski, Cyprian"]
[Black "Komisarski, Jerzy"]
[Result "1-0"]
[WhiteTitle ""]
[BlackTitle ""]
[WhiteElo "1472"]
[BlackElo "1208"]

1. e4 c6 2. d4 d5 3. e5 c5 4. c3 Nc6 5. Nf3 Bg4 6. Be2 e6 7. Be3 cxd4 8. Bxd4 Nh6
9. Nbd2 Nf5 10. O-O Be7 11. h3 Bxf3 12. Nxf3 Ncxd4 13. Nxd4 Nxd4 14. Qxd4 O-O
15. Qg4 Qc7 16. Qg3 f6 17. exf6 Qxg3 18. fxg3 Rxf6 19. Rf3 Raf8 20. Raf1 Bc5+
21. Kh2 Rxf3 22. gxf3 e5 23. Bd3 d4 24. c4 g6 25. Be4 b6 26. Bd5+ Kg7 27. Re1
Kf6 28. g4 g5 29. a3 a5 30. Kg3 h6 31. Rb1 Rd8 32. b4 axb4 33. axb4 Be7 34. Rb3
b5 35. Rb1 bxc4 36. Bxc4 d3 37. b5 d2 38. Be2 Bc5 39. Bd1 Ke6 40. b6 Bd6 41. b7
Bb8 42. Rb6+ Kd7 43. Rxh6 Kc7 44. Rh7+ Kb6 45. Rg7 Rc8 46. bxc8=N+ 1-0

[Event "SZCZYRK OPEN - TURNIEJ Z OKAZJI SWIETA NIEPODLEGLOSCI - BLITZ 3'+2'' "]
[Site "Szczyrk"]
[Date "2018-11-11"]
[Round "4.45"]
[White "Marciniak, Leonard "]
[Black "Duda, Leon "]
[Result "1-0"]
[WhiteTitle ""]
[BlackTitle ""]
[WhiteElo "1458"]
[BlackElo "1142"]

1. Nf3 d5 2. c4 Nf6 3. cxd5 Nxd5 4. d4 e6 5. e4 Nf6 6. Nc3 b6 7. e5 Nd5 8. Bd3
Bb7 9. O-O Be7 10. Ne4 Nb4 11. Bb1 O-O 12. a3 Nd5 13. Qc2 g6 14. Bh6 Re8 15. Nfg5
Bxg5 16. Bxg5 Qd7 17. Ba2 Qc8 18. Bxd5 Bxd5 19. Nf6+ Kf8 20. Qd2 Nd7 21. Bh6+
Ke7 22. Nxe8 Kxe8 23. Rac1 Qb7 24. f3 b5 25. Qc3 Rc8 26. Be3 Nb6 27. b3 c6 28.
Qb4 Qd7 29. a4 bxa4 30. bxa4 c5 31. Rxc5 Rxc5 32. Qxc5 Nxa4 33. Qb4 Nb6 34. Rb1
Qc6 35. Qc5 Qxc5 36. dxc5 Nd7 37. f4 Kd8 38. Ra1 Kc7 39. Rxa7+ Kc6 40. Ra6+ Kc7
41. Kf2 Kb7 42. Ra1 Kc6 43. Rc1 Kc7 44. g4 h6 45. h4 f6 46. Bd4 f5 47. gxf5 gxf5
48. Rg1 h5 49. Rg5 Kc6 50. Rxh5 Nxc5 51. Bxc5 Kxc5 52. Rg5 Bc6 53. h5 Be8 54.
h6 Kd5 1-0

[Event "SZCZYRK OPEN - TURNIEJ Z OKAZJI SWIETA NIEPODLEGLOSCI - BLITZ 3'+2'' "]
[Site "Szczyrk"]
[Date "2018-11-11"]
[Round "4.46"]
[White "Guzik, Wojciech"]
[Black "Ochenduszko, Bartosz "]
[Result "0-1"]
[WhiteTitle ""]
[BlackTitle ""]
[WhiteElo "1224"]
[BlackElo "1453"]

1. d3 e5 2. g3 c6 3. Bg2 d5 4. Nf3 Bd6 5. O-O Nf6 6. Nbd2 h5 7. e4 h4 8. exd5 cxd5
9. Qe2 Nc6 10. b3 h3 11. Bh1 Bg4 12. Bb2 Qe7 13. Rfe1 O-O-O 14. a4 Rde8 15. Qf1
Qc7 16. Rac1 Bf5 17. Ng5 Bg6 18. Nxh3 Qb6 19. Ng5 Ng4 20. h4 e4 21. dxe4 Bxg3
22. Bxg7 Rxh4 23. exd5 Rxe1 24. Rxe1 Nxf2 25. Re8+ Nd8 26. Kg2 Qd6 27. Qc4+ Kb8
28. Rxd8+ Qxd8 29. Be5+ Bxe5 30. Kxf2 Rxc4 0-1

[Event "SZCZYRK OPEN - TURNIEJ Z OKAZJI SWIETA NIEPODLEGLOSCI - BLITZ 3'+2'' "]
[Site "Szczyrk"]
[Date "2018-11-11"]
[Round "4.47"]
[White "Kordela, Monika"]
[Black "Rylski, Tadeusz"]
[Result "0-1"]
[WhiteTitle ""]
[BlackTitle ""]
[WhiteElo "1451"]
[BlackElo "1098"]

1. d4 e6 2. c4 Nf6 3. Nc3 Bb4 4. Bg5 c5 5. d5 d6 6. e4 e5 7. Nf3 Qa5 8. Bd2 Bg4
9. Be2 Nbd7 10. O-O Nb6 11. a3 Bxc3 12. Bxc3 Qa6 13. b3 Nxe4 14. Bb2 O-O 15. b4
f5 16. bxc5 Nxc5 17. h3 Bxf3 18. Bxf3 Nxc4 19. Bc3 Qa4 20. Qe2 e4 21. Bh5 g6 22.
Qd1 gxh5 23. Qxa4 Nxa4 24. Bb4 Rac8 25. Rfc1 a5 26. Be1 b5 27. Rab1 Nxa3 28. Ra1
Rxc1 29. Rxc1 Nc4 30. g3 f4 31. gxf4 Rxf4 32. Kg2 e3 33. fxe3 Nxe3+ 34. Kg3 Rc4
35. Rb1 b4 36. Bd2 Nf5+ 37. Kg2 Rc2 38. Kf3 Rxd2 39. Rc1 Nc3 40. Re1 Re2 41. Rxe2
Nxe2 42. Kxe2 a4 43. Kd2 Nd4 44. Kd3 a3 45. Kxd4 a2 46. Ke4 a1=Q 47. h4 Kf7 48.
Kf5 Qa4 49. Ke4 Kf6 50. Kf3 Kf5 51. Ke3 Qb3+ 52. Kd4 Qd1+ 53. Ke3 Qe1+ 54. Kd3
Qe4+ 55. Kd2 Qf3 56. Kc2 Qe3 57. Kb2 Qc3+ 58. Ka2 Qa3+ 59. Kb1 Ke4 60. Kc2 Qc3+
61. Kb1 Qd2 62. Ka1 Kd3 63. Kb1 Kc3 64. Ka1 Qb2# 0-1

[Event "SZCZYRK OPEN - TURNIEJ Z OKAZJI SWIETA NIEPODLEGLOSCI - BLITZ 3'+2'' "]
[Site "Szczyrk"]
[Date "2018-11-11"]
[Round "4.48"]
[White "Krzysztynska, Maria"]
[Black "Polak, Sylwia"]
[Result "0-1"]
[WhiteTitle ""]
[BlackTitle ""]
[WhiteElo "1146"]
[BlackElo "1432"]

1. e4 c5 2. Nc3 e6 3. Bc4 a6 4. a3 b5 5. Ba2 Bb7 6. Nf3 b4 7. Na4 Bxe4 8. axb4
cxb4 9. c3 Nf6 10. cxb4 Bxb4 11. Nc3 Bb7 12. O-O O-O 13. d4 d5 14. Bd2 Bd6 15.
Ng5 Qc7 16. f4 Qb6 17. Bc1 Nc6 18. f5 Rae8 19. fxe6 fxe6 20. Nf3 Ne7 21. Na4 Qc7
22. Ng5 Bxh2+ 23. Kh1 Nf5 24. Re1 Bc8 25. Nc5 Bd6 26. Ncxe6 Bxe6 27. Nxe6 Qf7
28. Nxf8 Rxf8 29. Bg5 Qg6 30. Bxf6 Qxf6 31. Bxd5+ Kh8 32. Qc2 Qh4+ 33. Kg1 Ng3
34. Qc3 Qh1# 0-1

[Event "SZCZYRK OPEN - TURNIEJ Z OKAZJI SWIETA NIEPODLEGLOSCI - BLITZ 3'+2'' "]
[Site "Szczyrk"]
[Date "2018-11-11"]
[Round "4.50"]
[White "Majdanski, Maksymilian "]
[Black "Kotowicz, Kamil"]
[Result "1-0"]
[WhiteTitle ""]
[BlackTitle ""]
[WhiteElo "1393"]
[BlackElo "1243"]

1. d4 Nf6 2. c4 g6 3. Nc3 d5 4. cxd5 Nxd5 5. e4 Nxc3 6. bxc3 Bg7 7. Nf3 c5 8. Be3
O-O 9. Be2 Qa5 10. Qd2 Nc6 11. Rb1 cxd4 12. cxd4 Qxd2+ 13. Kxd2 b6 14. Rhc1 Bb7
15. d5 Ne5 16. Nxe5 Bxe5 17. f4 Bg7 18. Rc7 Rab8 19. Rxe7 Rfe8 20. Rxe8+ Rxe8
21. Bf3 Rc8 22. Rc1 Rxc1 23. Kxc1 Kf8 24. Kc2 Ke7 25. Kb3 Kd7 26. e5 Bf8 27. Bg4+
Kd8 28. Kc4 b5+ 29. Kd4 a5 30. Bd2 b4 31. g3 Ba6 32. d6 f6 33. Kc5 Bd3 34. e6
Be4 35. e7+ Bxe7 36. dxe7+ Kxe7 37. Kb5 Bg2 38. Kxa5 f5 39. Be2 Bd5 40. Bxb4+
Kf7 41. Kb6 Bxa2 42. Kc5 Kg7 43. Bc3+ Kf7 44. Bc4+ Bxc4 45. Kxc4 h6 46. Bd2 Kf6
47. Kd5 g5 48. Bc3+ Kg6 49. Ke6 1-0

[Event "SZCZYRK OPEN - TURNIEJ Z OKAZJI SWIETA NIEPODLEGLOSCI - BLITZ 3'+2'' "]
[Site "Szczyrk"]
[Date "2018-11-11"]
[Round "4.51"]
[White "Oklinski, Franciszek "]
[Black "Drozdzal, Michal "]
[Result "0-1"]
[WhiteTitle ""]
[BlackTitle ""]
[WhiteElo "1098"]
[BlackElo "1375"]

1. d4 Nf6 2. c4 e5 3. dxe5 Ng4 4. Nc3 Bc5 5. e3 Nc6 6. e6 Qh4 7. exf7+ Kxf7 8.
g3 Qg5 9. Bh3 d6 10. e4 Qf6 11. Qf3 Bxf2+ 12. Ke2 Nd4+ 13. Kd1 Nxf3 14. Nce2 Nxg1
15. Bf4 Ne3+ 16. Bxe3 Bxe3 17. Bg2 Nxe2 18. Kxe2 Qf2+ 19. Kd3 Qd2# 0-1

[Event "SZCZYRK OPEN - TURNIEJ Z OKAZJI SWIETA NIEPODLEGLOSCI - BLITZ 3'+2'' "]
[Site "Szczyrk"]
[Date "2018-11-11"]
[Round "4.52"]
[White "Wydmanski, Robert"]
[Black "Niedorys, Karolina "]
[Result "1-0"]
[WhiteTitle ""]
[BlackTitle ""]
[WhiteElo "1345"]
[BlackElo "1141"]

1. e4 c6 2. d4 d5 3. Nc3 dxe4 4. Nxe4 Bf5 5. Ng3 Bg6 6. h4 h6 7. h5 Bh7 8. Nf3
e6 9. Bd3 Bxd3 10. Qxd3 Nf6 11. Be3 Qa5+ 12. c3 Bd6 13. a3 Qc7 14. Ne2 Nbd7 15.
b4 b6 16. c4 O-O 17. c5 bxc5 18. dxc5 Be5 19. Rd1 Nd5 20. Nxe5 Nxe5 21. Qe4 Nf6
22. Qc2 Rfd8 23. O-O Nd5 24. Bd2 Nf6 25. Bf4 Nd5 26. Bd2 Ng4 27. Ng3 Ngf6 28.
Ne2 Ne7 29. Be3 Rxd1 30. Rxd1 Nfd5 31. Bd2 Nf5 32. Ng3 Nxg3 33. fxg3 Qxg3 34.
Rf1 Ne3 35. Bxe3 Qxe3+ 36. Kh1 Qg5 37. Qf2 Rf8 38. Qe1 Qxh5+ 39. Kg1 Qd5 40. Qf2
Qb3 41. Qf3 Qxf3 42. Rxf3 Rd8 43. Kf2 Rd5 44. Ke3 Kf8 45. g3 Ke7 46. Ke4 Rd8 47.
a4 Rb8 48. Rb3 Kd7 49. b5 cxb5 50. axb5 Kc7 51. Ke5 Kd7 52. Rd3+ Kc7 53. Rb3 a6
54. b6+ Kc6 55. Kd4 a5 56. Ra3 Ra8 57. Rf3 f6 58. Re3 e5+ 59. Kc4 a4 60. Rd3 a3
61. Rd6+ Kb7 62. Kb5 Kc8 63. c6 a2 64. b7+ Kb8 1-0

[Event "SZCZYRK OPEN - TURNIEJ Z OKAZJI SWIETA NIEPODLEGLOSCI - BLITZ 3'+2'' "]
[Site "Szczyrk"]
[Date "2018-11-11"]
[Round "4.53"]
[White "Ignatowski, Nikodem"]
[Black "Gibas, Aleksander"]
[Result "1-0"]
[WhiteTitle ""]
[BlackTitle ""]
[WhiteElo "1316"]
[BlackElo "1032"]

1. c4 e5 2. Nc3 Nf6 3. g3 d5 4. cxd5 Nxd5 5. Bg2 Nxc3 6. bxc3 Nc6 7. Nf3 Bd7 8.
O-O Bc5 9. e3 O-O 10. d4 exd4 11. exd4 Bb6 12. Bf4 Bg4 13. Qd2 Ba5 14. Rab1 Bxf3
15. Bxf3 Nxd4 16. Qxd4 Qxd4 17. cxd4 Bb6 18. Be3 Rab8 19. Rfd1 Rfe8 20. Rd3 h6
21. Rc1 Re7 22. Re1 c6 23. Kg2 Rd8 24. Rdd1 a6 25. Re2 Bxd4 26. Rxd4 Rxd4 27.
Bxd4 Rxe2 28. Bxe2 Kf8 29. Kf3 g6 30. Bd3 Ke7 31. h4 Kd6 32. Be3 h5 33. Kf4 b5
34. Kg5 Ke7 35. Bc5+ Ke6 36. Be4 Kd7 37. Kf6 a5 38. a3 Ke8 39. Bxc6+ Kd8 40. Bxb5
a4 41. Bxa4 g5 42. Kxf7 gxh4 43. gxh4 Kc7 44. f4 Kb7 45. Bf2 Kc7 46. f5 Kd6 47.
Kg7 Ke5 48. f6 Kf4 49. f7 Kf3 50. f8=Q+ Ke4 51. Bc2+ Kd5 52. Qf5+ Kc4 53. Qd3#
1-0

[Event "SZCZYRK OPEN - TURNIEJ Z OKAZJI SWIETA NIEPODLEGLOSCI - BLITZ 3'+2'' "]
[Site "Szczyrk"]
[Date "2018-11-11"]
[Round "4.54"]
[White "Krzywicki, Michal"]
[Black "Sprzeczka, Emilia"]
[Result "1-0"]
[WhiteTitle ""]
[BlackTitle ""]
[WhiteElo "1306"]
[BlackElo "1107"]

1. Nf3 d5 2. c4 dxc4 3. Na3 Nf6 4. Nxc4 Nc6 5. b3 Bg4 6. Nfe5 Nxe5 7. Nxe5 e6 8.
Nxg4 Nxg4 9. Bb2 Qd6 10. e3 Nf6 11. Bc4 a6 12. O-O Be7 13. Re1 O-O 14. Rc1 b5
15. Bf1 Rac8 16. g3 c5 17. d4 cxd4 18. Qxd4 Qxd4 19. Bxd4 Rxc1 20. Rxc1 Bd6 21.
Rc6 e5 22. Rxd6 exd4 23. exd4 Ra8 24. Bg2 Ra7 25. Rd8+ Ne8 26. Rxe8# 1-0

[Event "SZCZYRK OPEN - TURNIEJ Z OKAZJI SWIETA NIEPODLEGLOSCI - BLITZ 3'+2'' "]
[Site "Szczyrk"]
[Date "2018-11-11"]
[Round "4.55"]
[White "Sulkowski, Dawid "]
[Black "Gradzki, Artur "]
[Result "1-0"]
[WhiteTitle ""]
[BlackTitle ""]
[WhiteElo "1295"]
[BlackElo "1128"]

1. e4 e5 2. Nf3 Nc6 3. d4 exd4 4. Nxd4 Nxd4 5. Qxd4 Qf6 6. e5 Qe7 7. Be2 Qc5 8.
Qxc5 Bxc5 9. Nc3 Bb4 10. Bd2 Ba5 1-0

[Event "SZCZYRK OPEN - TURNIEJ Z OKAZJI SWIETA NIEPODLEGLOSCI - BLITZ 3'+2'' "]
[Site "Szczyrk"]
[Date "2018-11-11"]
[Round "4.56"]
[White "Rydzewski, Marceli "]
[Black "Grzadka, Artur "]
[Result "1-0"]
[WhiteTitle ""]
[BlackTitle ""]
[WhiteElo "1146"]
[BlackElo "1287"]

1. e4 c6 2. d4 d5 3. e5 Bf5 4. Nc3 e6 5. Nf3 Nd7 6. Be3 Ne7 7. Bd3 Bxd3 8. Qxd3
Nf5 9. a3 Nxe3 10. fxe3 Qb6 11. Rb1 c5 12. O-O c4 13. Qe2 a6 14. Ng5 f6 15. exf6
gxf6 16. Qh5+ Ke7 17. Qf7+ Kd6 18. Qxe6+ Kc7 19. Nxd5+ 1-0

[Event "SZCZYRK OPEN - TURNIEJ Z OKAZJI SWIETA NIEPODLEGLOSCI - BLITZ 3'+2'' "]
[Site "Szczyrk"]
[Date "2018-11-11"]
[Round "4.57"]
[White "Majdecka, Nikola "]
[Black "Seo, Ian "]
[Result "1-0"]
[WhiteTitle ""]
[BlackTitle ""]
[WhiteElo "1267"]
[BlackElo "1119"]

1. e4 e5 2. Nf3 Nc6 3. Nc3 Bb4 4. Bc4 Nf6 5. a3 Ba5 6. O-O d6 7. h3 Be6 8. Qe2
a6 9. Nd5 O-O 10. d3 Re8 11. Bg5 h6 12. Nxf6+ gxf6 13. Bxh6 Bxc4 14. dxc4 Qd7
15. Nh4 Nd4 16. Qe3 Nxc2 17. Qg3+ Kh7 18. Qg7# 1-0

[Event "SZCZYRK OPEN - TURNIEJ Z OKAZJI SWIETA NIEPODLEGLOSCI - BLITZ 3'+2'' "]
[Site "Szczyrk"]
[Date "2018-11-11"]
[Round "4.58"]
[White "Jagodzinski, Jaromir "]
[Black "Lewicka, Joanna"]
[Result "1-0"]
[WhiteTitle ""]
[BlackTitle ""]
[WhiteElo "1141"]
[BlackElo "1260"]

1. d4 d5 2. e3 e6 3. Bd3 Bd6 4. f4 Nf6 5. Nf3 O-O 6. O-O Bd7 7. Ne5 Bxe5 8. fxe5
Ne4 9. Bxe4 dxe4 10. Nd2 f5 11. exf6 Rxf6 12. Nxe4 Rxf1+ 13. Qxf1 Nc6 14. Nc5
b6 15. Nxd7 Qxd7 16. Bd2 Qd6 17. Qf3 e5 18. Qh3 Qd5 19. Rd1 Qxa2 20. Bc3 a5 21.
Qd7 Qc4 22. h3 Qe2 23. Re1 Qc4 24. Kh2 Qf7 25. Qxc7 Qf2 26. Qxc6 Kh8 27. Qe6 h6
28. Qxe5 1-0

[Event "SZCZYRK OPEN - TURNIEJ Z OKAZJI SWIETA NIEPODLEGLOSCI - BLITZ 3'+2'' "]
[Site "Szczyrk"]
[Date "2018-11-11"]
[Round "4.59"]
[White "Bochenek, Ryszard"]
[Black "Szwacinska, Wiktoria "]
[Result "1-0"]
[WhiteTitle ""]
[BlackTitle ""]
[WhiteElo "1252"]
[BlackElo "1117"]

1. d4 d5 2. Nf3 Nf6 3. g3 Nc6 4. Bg2 Bf5 5. b3 e6 6. Bb2 Bd6 7. O-O O-O 8. Nbd2
h6 9. c4 dxc4 10. Nxc4 Re8 11. Re1 g5 12. Nfd2 h5 13. e4 Bg4 14. f3 Bxf3 15. Nxf3
g4 16. Ng5 Nh7 17. Nxh7 Kxh7 18. e5 Bb4 19. Be4+ Kh8 20. Rf1 Rf8 21. Qc1 Nxd4
22. Qh6+ Kg8 23. Qh7# 1-0

[Event "SZCZYRK OPEN - TURNIEJ Z OKAZJI SWIETA NIEPODLEGLOSCI - BLITZ 3'+2'' "]
[Site "Szczyrk"]
[Date "2018-11-11"]
[Round "4.60"]
[White "Zmuda, Piotr "]
[Black "Walentyn, Zuzanna"]
[Result "1-0"]
[WhiteTitle ""]
[BlackTitle ""]
[WhiteElo "1250"]
[BlackElo "1026"]

1. Nf3 c5 2. g3 Nc6 3. Bg2 g6 4. c4 Bg7 5. a3 d6 6. Nc3 Be6 7. d3 Qd7 8. b4 O-O-O
9. Bd2 Nf6 10. bxc5 dxc5 11. Na4 b6 12. Rb1 h5 13. Ng5 Rdg8 14. Nxe6 fxe6 15.
Nc3 Bh6 16. Qa4 Bxd2+ 17. Kxd2 Kb7 18. Qb3 Kc7 19. a4 Rb8 20. Nb5+ Kd8 21. Nc3
Nd4 22. Qb2 Ng4 23. a5 Nxf2 24. Rhf1 Ng4 25. Ne4 Qc6 26. e3 Nf6 27. exd4 Nxe4+
28. dxe4 Ke8 29. d5 exd5 30. Qxh8+ Kd7 31. Qxb8 dxe4 32. Qe5 Qd6+ 33. Qxd6+ exd6
34. Bxe4 Kc7 35. Rf6 bxa5 36. Rxg6 a6 37. Rg5 h4 38. gxh4 a4 39. h5 a3 40. Ra1
a5 41. h6 a4 42. h7 a2 43. h8=Q a3 44. Rg7+ Kb6 45. Qb8+ Ka5 46. Ra7# 1-0

[Event "SZCZYRK OPEN - TURNIEJ Z OKAZJI SWIETA NIEPODLEGLOSCI - BLITZ 3'+2'' "]
[Site "Szczyrk"]
[Date "2018-11-11"]
[Round "4.61"]
[White "Banaczyk, Piotr"]
[Black "Ochalik, Filip "]
[Result "1-0"]
[WhiteTitle ""]
[BlackTitle ""]
[WhiteElo "1125"]
[BlackElo "1247"]

1. e4 c5 2. d4 cxd4 3. c3 dxc3 4. Nxc3 g6 5. Bc4 Bg7 6. Nf3 d6 7. O-O Nc6 8. Qe2
Bg4 9. h3 Bxf3 10. Qxf3 Nf6 11. Rd1 O-O 12. Bf4 Rc8 13. Bb3 Qb6 14. Be3 Qc7 15.
Nb5 Qb8 16. Rac1 Ne5 17. Qe2 Nxe4 18. Bxa7 Ng3 19. fxg3 Qa8 20. Rxc8 Rxc8 21.
Bd4 Qa5 22. Bc3 Qb6+ 23. Kh2 Bf6 24. Nd4 Nd7 25. Rf1 Bxd4 26. Bxd4 Qxd4 27. Bxf7+
Kg7 28. Qxe7 Qe5 29. Be6+ Kh6 30. Qxd7 Rc2 31. Bg4 Qxb2 32. Rg1 Qxa2 33. Qxb7
d5 34. Be6 Rd2 35. Bg8 Qb2 36. Qxh7+ Kg5 1-0

[Event "SZCZYRK OPEN - TURNIEJ Z OKAZJI SWIETA NIEPODLEGLOSCI - BLITZ 3'+2'' "]
[Site "Szczyrk"]
[Date "2018-11-11"]
[Round "4.62"]
[White "Cwiklinski, Jacek"]
[Black "Wozniak, Mateusz "]
[Result "1-0"]
[WhiteTitle ""]
[BlackTitle ""]
[WhiteElo "1245"]
[BlackElo "1106"]

1. e4 c5 2. Nf3 d6 3. d3 Nc6 4. g3 Nf6 5. Bg2 g6 6. O-O Bg7 7. Nc3 O-O 8. Bg5 a6
9. Bxf6 Bxf6 10. Nd5 Bxb2 11. Rb1 Bg7 12. Nd2 b5 13. Nf4 Rb8 14. Re1 b4 15. Nc4
f5 16. e5 Nxe5 17. Nxe5 Bxe5 18. Bd5+ Kh8 19. Be6 Qc7 20. Nd5 Qd8 21. Bxc8 Rxc8
22. Qe2 Kg7 23. f4 Bd4+ 24. Kf1 Bf6 25. h4 Re8 26. Qe6 a5 27. Re2 Rb8 28. Rbe1
Rb7 29. Nxf6 exf6 30. Qxe8 Qxe8 31. Rxe8 Rf7 32. Rd8 a4 33. Rxd6 Rc7 34. Ree6
c4 35. Rc6 Rxc6 36. Rxc6 Kf7 37. dxc4 b3 38. cxb3 axb3 39. axb3 Ke7 40. Ra6 Kd7
41. Rxf6 Ke7 42. Ra6 Kd7 43. c5 Kc7 44. b4 Kb7 45. Rf6 Kc7 46. Rf7+ Kc6 47. Rxh7
Kb5 48. Rf7 Kxb4 49. Rg7 Kxc5 50. Rxg6 Kd4 51. Kg2 Ke3 52. Re6+ Kd2 53. h5 Kd3
54. h6 Kd4 55. h7 Kd5 56. h8=Q Kxe6 57. Qh6+ Kd5 58. Qg5 Kd4 59. Kf3 Kd3 60. Qxf5+
Kd2 61. g4 Ke1 62. Qb1+ Kd2 63. Qb8 Ke1 64. g5 Kf1 65. Qb1# 1-0

[Event "SZCZYRK OPEN - TURNIEJ Z OKAZJI SWIETA NIEPODLEGLOSCI - BLITZ 3'+2'' "]
[Site "Szczyrk"]
[Date "2018-11-11"]
[Round "4.63"]
[White "Jaros, Emilia"]
[Black "Werner, Kacper "]
[Result "0-1"]
[WhiteTitle ""]
[BlackTitle ""]
[WhiteElo "1117"]
[BlackElo "1240"]

1. e4 c5 2. Nf3 d6 3. d4 cxd4 4. Qxd4 Nc6 5. Bb5 Bd7 6. Bxc6 Bxc6 7. Nc3 Nf6 8.
Bg5 e6 9. Bxf6 Qxf6 10. Qxf6 gxf6 11. O-O-O Be7 12. Nd4 a6 13. Nxc6 bxc6 14. f3
Kd7 15. g4 Kc7 16. h4 d5 17. exd5 cxd5 18. Rhe1 Bd6 19. Kb1 Bg3 20. Rh1 Rab8 21.
Rdg1 Be5 22. Nd1 Kc6 23. Rf1 Rb4 24. Rhg1 Rhb8 25. b3 a5 26. Rh1 a4 27. Re1 Bd6
28. Nb2 a3 29. Nd3 R4b7 30. g5 f5 31. f4 Ra7 32. Ne5+ Bxe5 33. Rxe5 Ra4 34. Rf1
Rbb4 35. Ree1 Ra5 36. Rf3 Rc5 37. Ref1 Re4 38. Rc1 Re2 39. Rff1 d4 40. Rfd1 Re4
41. Rf1 Kd5 42. Rf3 Re3 43. Rcf1 Ke4 44. Rxe3+ dxe3 45. Kc1 e2 46. Re1 Kf3 47.
Kd2 Rd5+ 48. Kc3 Kf2 49. Rh1 e1=Q+ 50. Rxe1 Kxe1 51. b4 Kf2 52. Kc4 Ke3 53. b5
Kxf4 54. b6 Ke5 55. b7 Rd8 56. Kc5 f4 57. c4 f3 58. Kb6 f2 59. Ka7 f1=Q 60. c5
Qf2 61. Kb6 Qb2+ 62. Kc6 Rb8 63. Kd7 Qxb7# 0-1

[Event "SZCZYRK OPEN - TURNIEJ Z OKAZJI SWIETA NIEPODLEGLOSCI - BLITZ 3'+2'' "]
[Site "Szczyrk"]
[Date "2018-11-11"]
[Round "4.64"]
[White "Kubik, Rafal "]
[Black "Starosciak, Szymon "]
[Result "0-1"]
[WhiteTitle ""]
[BlackTitle ""]
[WhiteElo "1109"]
[BlackElo "1233"]

1. d4 Nf6 2. Nf3 e6 3. c4 Bb4+ 4. Nc3 O-O 5. Bd2 c5 6. a3 Bxc3 7. Bxc3 Ne4 8. Qc2
Nxc3 9. Qxc3 Qf6 10. e3 cxd4 11. Nxd4 Nc6 12. Bd3 Nxd4 13. Qxd4 Qxd4 14. exd4
d5 15. c5 Bd7 16. b3 Rfe8 17. f4 f6 18. O-O e5 19. dxe5 fxe5 20. Rae1 e4 21. Bc2
Bc6 22. a4 a5 23. Rd1 e3 24. Rfe1 Rad8 25. Rd3 d4 26. Rdd1 Be4 27. Bxe4 Rxe4 28.
g3 e2 29. Rd2 d3 30. Kf2 Rb4 0-1

[Event "SZCZYRK OPEN - TURNIEJ Z OKAZJI SWIETA NIEPODLEGLOSCI - BLITZ 3'+2'' "]
[Site "Szczyrk"]
[Date "2018-11-11"]
[Round "4.65"]
[White "Opalka, Marta"]
[Black "Borsuk, Aleksandra "]
[Result "0-1"]
[WhiteTitle ""]
[BlackTitle ""]
[WhiteElo "1107"]
[BlackElo "1221"]

1. e4 e6 2. d4 d5 3. Nf3 dxe4 4. Ne5 Bd6 5. Nc3 Bxe5 6. dxe5 Qxd1+ 7. Nxd1 f5 8.
Bb5+ Bd7 9. Bxd7+ Nxd7 10. Bf4 Ne7 11. O-O O-O-O 12. c4 Nc5 13. b4 Nd3 14. Be3
Nxb4 15. Bc5 Nc2 16. Rc1 Ng6 17. Rxc2 Nxe5 18. Bxa7 b6 19. c5 Kb7 20. cxb6 cxb6
21. Bxb6 Kxb6 22. Rb2+ Kc7 23. a4 Rd5 24. Nc3 Ra5 25. Nb5+ Kd7 26. Ra1 Rc8 27.
h3 Nc4 28. Rd2+ Nxd2 29. Kh2 Ke7 30. Nc3 Rxc3 31. Rd1 Rc2 32. g4 fxg4 33. hxg4
Nf3+ 34. Kg3 Rxa4 35. Kf4 Rxf2 36. Kg3 Rb2 37. Kf4 h6 38. Rc1 g5+ 39. Kg3 Kf6
40. Re1 Nxe1 41. Kh3 Ra3# 0-1

[Event "SZCZYRK OPEN - TURNIEJ Z OKAZJI SWIETA NIEPODLEGLOSCI - BLITZ 3'+2'' "]
[Site "Szczyrk"]
[Date "2018-11-11"]
[Round "4.66"]
[White "Bohdanowicz, Nikola"]
[Black "Zalega, Joanna "]
[Result "1-0"]
[WhiteTitle ""]
[BlackTitle ""]
[WhiteElo "1220"]
[BlackElo "1015"]

1. d4 d5 2. c4 e6 3. Nf3 Nf6 4. Bg5 Be7 5. e3 Nbd7 6. Nc3 b6 7. Bd3 Bb7 8. cxd5
Bxd5 9. Nxd5 exd5 10. O-O c6 11. Rc1 Qc7 12. Qc2 Rc8 13. Ba6 Rb8 14. Qxc6 Qxc6
15. Rxc6 h6 16. Bf4 Rd8 17. Rfc1 Ne4 18. Rc8 O-O 19. Rxd8 Rxd8 20. Rc8 Rxc8 21.
Bxc8 Ndf6 22. Bb8 a5 23. Bc7 Bb4 24. Bxb6 Nd2 25. Nxd2 Bxd2 26. b3 Ne4 27. Kf1
f6 28. Bb7 Kf7 29. Bxd5+ Ke7 30. Bxe4 Kd6 31. Bc5+ Ke6 32. Ke2 Bb4 33. Bxb4 axb4
34. Kd3 f5 35. Bf3 g5 36. Kc4 g4 37. Ba8 Kf6 38. Kxb4 Kg5 39. Kc5 f4 40. exf4+
Kxf4 41. d5 Ke4 42. d6+ Kd3 43. d7 Ke2 44. d8=Q Kxf2 45. Qd2+ Kf1 46. Kd4 g3 47.
hxg3 Kg1 48. Ke3 h5 49. Qe1+ Kh2 50. g4 hxg4 51. g3 Kh3 52. Qh1+ Kxg3 53. Qg2+
Kh4 54. Kf4 Kh5 55. Qxg4+ Kh6 56. Kf5 Kh7 57. Kf6 Kh8 58. Qg7# 1-0

[Event "SZCZYRK OPEN - TURNIEJ Z OKAZJI SWIETA NIEPODLEGLOSCI - BLITZ 3'+2'' "]
[Site "Szczyrk"]
[Date "2018-11-11"]
[Round "4.67"]
[White "Jakubiec, Maurycy"]
[Black "Reszka, Zofia"]
[Result "1-0"]
[WhiteTitle ""]
[BlackTitle ""]
[WhiteElo "1093"]
[BlackElo "1219"]

1. e4 c5 2. Nf3 e6 3. d4 cxd4 4. Nxd4 a6 5. Nc3 Qc7 6. Be3 b5 7. a3 Bb7 8. f3 Nf6
9. Bd3 Be7 10. Qd2 O-O 11. O-O-O d6 12. g4 d5 13. exd5 Nxd5 14. Nxd5 Bxd5 15.
h4 e5 16. Ne2 Bxf3 17. Rhg1 Qb7 18. Rdf1 b4 19. axb4 Bxb4 20. c3 Be7 21. Rg3 Bxe2
22. Bxe2 Bxh4 23. Rh3 Be7 24. Bf3 Nc6 25. Be4 g6 26. Rfh1 f5 27. Bd5+ Kg7 28.
Rxh7+ Kf6 29. g5# 1-0

[Event "SZCZYRK OPEN - TURNIEJ Z OKAZJI SWIETA NIEPODLEGLOSCI - BLITZ 3'+2'' "]
[Site "Szczyrk"]
[Date "2018-11-11"]
[Round "4.68"]
[White "Rozek, Michal"]
[Black "Karwot, Marek"]
[Result "1/2-1/2"]
[WhiteTitle ""]
[BlackTitle ""]
[WhiteElo "1217"]
[BlackElo "1078"]

1. c4 Nf6 2. Nc3 e5 3. g3 c6 4. Bg2 d5 5. cxd5 cxd5 6. d4 e4 7. e3 Nc6 8. Nge2
a6 9. Bd2 Bd6 10. Nf4 Bxf4 11. exf4 O-O 12. O-O Bg4 13. Qb3 b5 14. Rac1 Ne7 15.
h3 Be6 16. Ne2 Qb6 17. Rc2 Rac8 18. Rfc1 Rc4 19. Rxc4 dxc4 20. Qb4 Ned5 21. Qc5
Qxc5 22. dxc5 Rc8 23. Bc3 Nxc3 24. Nxc3 Rxc5 25. Nxe4 Nxe4 26. Bxe4 Bxh3 27. Rd1
g6 28. Rd6 a5 29. Ra6 a4 30. f3 Be6 31. Rd6 Rc8 32. Bc6 b4 33. Bxa4 c3 34. bxc3
bxc3 35. Rd1 Bxa2 36. Rc1 Be6 37. Bb5 Kg7 38. Bd3 Kf6 39. g4 Ke7 40. f5 gxf5 41.
gxf5 Bd5 1/2-1/2

[Event "SZCZYRK OPEN - TURNIEJ Z OKAZJI SWIETA NIEPODLEGLOSCI - BLITZ 3'+2'' "]
[Site "Szczyrk"]
[Date "2018-11-11"]
[Round "4.69"]
[White "Dumin, Karolina"]
[Black "Prawucka, Zofia"]
[Result "1-0"]
[WhiteTitle ""]
[BlackTitle ""]
[WhiteElo "1078"]
[BlackElo "1216"]

1. d4 d5 2. c4 e6 3. Nc3 Nc6 4. e3 Bb4 5. Nf3 Nf6 6. a3 Ba5 7. b4 Nxb4 8. axb4
Bxb4 9. Qa4+ Bd7 10. Qxb4 dxc4 11. Bxc4 Qe7 12. Qxe7+ Kxe7 13. Ba3+ Ke8 14. Ne5
Rd8 15. Nxd7 Kxd7 16. Bb5+ Kc8 17. O-O c6 18. Bd3 Nd5 19. Nxd5 exd5 20. Be7 Rd7
21. Bc5 b6 22. Bb4 g6 23. Rac1 Rc7 24. Bc2 c5 25. dxc5 bxc5 26. Ba5 Rb7 27. Ba4
d4 28. exd4 c4 29. Rxc4+ Kb8 30. d5 Rd8 31. Bxd8 f5 32. d6 a6 33. Bf6 f4 34. Rd1
h6 35. d7 g5 36. d8=Q+ 1-0